Breakfast at Tiffany's / (Record no. 51319)
[ view plain ]
| 000 -LEADER | |
|---|---|
| fixed length control field | 01434nkm a22002657a 4500 |
| 005 - DATE AND TIME OF LATEST TRANSACTION | |
| control field | 20110330151018.0 |
| 010 ## - LCCN (DPL NO) | |
| LC control number | B-424114-117 |
| 020 ## - INTERNATIONAL STANDARD BOOK NUMBER | |
| International Standard Book Number | 9780140274110 |
| Terms of availability | 199.00 |
| 035 ## - SYSTEM CONTROL NUMBER | |
| System control number | B-424114-117 |
| 037 ## - SOURCE OF ACQUISITION | |
| Source of stock number/acquisition | Penguin Books |
| 037 ## - SOURCE OF ACQUISITION | |
| Source of stock number/acquisition | Allied/DE/2011/CR/0000149/27.4.11/85/24.3.11/10.6.11 |
| 082 ## - DEWEY DECIMAL CLASSIFICATION NUMBER | |
| Classification number | N |
| 100 ## - MAIN ENTRY--PERSONAL NAME | |
| Personal name | Capote, Truman |
| 245 00 - TITLE STATEMENT | |
| Title | Breakfast at Tiffany's / |
| Statement of responsibility, etc | by Truman Capote |
| 260 ## - PUBLICATION, DISTRIBUTION, ETC. (IMPRINT) | |
| Place of publication, distribution, etc | New Delhi |
| Name of publisher, distributor, etc | Penguin Books |
| Date of publication, distribution, etc | 1961 |
| 270 ## - ADDRESS | |
| Address | 11 Community Centre, Panchsheel Park |
| City | New Delhi |
| Postal code | 110017 |
| 300 ## - PHYSICAL DESCRIPTION | |
| Extent | 157p. |
| Dimensions | 18cm(pbk) |
| 942 ## - ADDED ENTRY ELEMENTS (KOHA) | |
| Source of classification or shelving scheme | Dewey Decimal Classification |
| Item type | English Books |
| Call number suffix | CAP |
| Classification part | N |
| Withdrawn status | Lost status | Not for loan | Collection code | Home library | Current library | Date acquired | Source of acquisition | Cost, normal purchase price | Full call number | Barcode | Copy number | Cost, replacement price | Koha item type |
|---|---|---|---|---|---|---|---|---|---|---|---|---|---|
| Fiction | Central Library | Central Library | 10/08/2011 | Allied/DE/2011/CR/0000149/27.4.11/85/24.3.11/10.6.11 | 199.00 | N CAP | B-424114 | 1 | 199.00 | English Books | |||
| Fiction | Karol Bagh | Karol Bagh | 10/08/2011 | Allied/DE/2011/CR/0000149/27.4.11/85/24.3.11/10.6.11 | 199.00 | N CAP | B-424117 | 1 | 199.00 | English Books | |||
| Fiction | Patel Nagar | Patel Nagar | 10/08/2011 | Allied/DE/2011/CR/0000149/27.4.11/85/24.3.11/10.6.11 | 199.00 | N CAP | B-424115 | 1 | 199.00 | English Books | |||
| Fiction | Sarojini Nagar | Sarojini Nagar | 10/08/2011 | Allied/DE/2011/CR/0000149/27.4.11/85/24.3.11/10.6.11 | 199.00 | N CAP | B-424116 | 1 | 199.00 | English Books |
